KEPEMIMPINAN TANPA SEMPADAN : (Record no. 191370)

MARC details
000 -LEADER
fixed length control field 01088nam a2200277 i 4500
005 - DATE AND TIME OF LATEST TRANSACTION
control field 20230207165329.0
008 - FIXED-LENGTH DATA ELEMENTS--GENERAL INFORMATION
fixed length control field 230207t20222007my dbaog |||| 00| 0 may d
020 ## - INTERNATIONAL STANDARD BOOK NUMBER
International Standard Book Number 9789674306793
Terms of availability RM60.00
Qualifying information paperback
040 ## - CATALOGING SOURCE
Original cataloging agency PPAK
Language of cataloging eng
Transcribing agency PPAK
Description conventions rda
082 04 - DEWEY DECIMAL CLASSIFICATION NUMBER
Edition number 23
Classification number 658.4092
090 00 - LOCALLY ASSIGNED LC-TYPE CALL NUMBER (OCLC); LOCAL CALL NUMBER (RLIN)
Classification number (OCLC) (R) ; Classification number, CALL (RLIN) (NR) 658.4092
Feature heading COH
Feature heading G
100 1# - MAIN ENTRY--PERSONAL NAME
Personal name Cohen, Ed,
Relator term author.
245 10 - TITLE STATEMENT
Title KEPEMIMPINAN TANPA SEMPADAN :
Remainder of title STRATEGI BERKESAN DARIPADA PEMIMPIN TERBAIK DUNIA /
Statement of responsibility, etc. ED COHEN ; Penterjemah Siti Maimon Kamso
246 31 - VARYING FORM OF TITLE
Display text Translation of:
Title proper/short title Leadership without borders :
Remainder of title successful strategies from world-class leaders
264 #1 - PRODUCTION, PUBLICATION, DISTRIBUTION, MANUFACTURE, AND COPYRIGHT NOTICE
Place of production, publication, distribution, manufacture Kuala Lumpur :
Name of producer, publisher, distributor, manufacturer INSTITUT TERJEMAHAN & BUKU MALAYSIA BERHAD,
Date of production, publication, distribution, manufacture, or copyright notice 2022
Date of production, publication, distribution, manufacture, or copyright notice ©2017
300 ## - PHYSICAL DESCRIPTION
Extent xxvii, 310 pages :
Other physical details charts, maps, illustrations, photographs ;
Dimensions 23 cm
336 ## - CONTENT TYPE
Content type term text
Source rdacontent
337 ## - MEDIA TYPE
Media type term unmediated
Source rdamedia
338 ## - CARRIER TYPE
Carrier type term volume
Source rdacarrier
500 ## - GENERAL NOTE
General note Includes index
650 10 - SUBJECT ADDED ENTRY--TOPICAL TERM
Topical term or geographic name entry element Leadership
Form subdivision Case studies
Topical term or geographic name entry element Authentic leadership
Form subdivision Case studies
700 0# - ADDED ENTRY--PERSONAL NAME
Personal name Siti Maimon Haji Kamso,
Dates associated with a name 1947-
Relator term translator.
942 ## - ADDED ENTRY ELEMENTS (KOHA)
Source of classification or shelving scheme Dewey Decimal Classification
Koha item type Book
Holdings
Withdrawn Not for loan Current library Shelving location Date acquired Total Checkouts Total Renewals Full call number Barcode Date last seen Date last checked out Koha item type
    Perpustakaan Alor Setar Pinjaman Dewasa 12/03/2023 1 1 658.4092 COH A01772605 16/01/2025 12/12/2024 Book
    Perpustakaan Awam Sungai Petani Pinjaman Dewasa 12/03/2023     658.4092 COH A01772606 12/03/2023   Book
    Perpustakaan Kulim Pinjaman Dewasa 12/03/2023 1   658.4092 COH A01772607 23/08/2025 02/08/2025 Book